| 000 | 00459nam a2200181 a 4500 | ||
|---|---|---|---|
| 001 | BRCA_3677 | ||
| 005 | 20190320204358.0 | ||
| 008 | 030909s1958----mx-a---###---#000-0#spa-# | ||
| 041 | _aspa | ||
| 044 | _amx | ||
| 050 | 4 |
_aF1391.T4 _b.T47 1958 |
|
| 245 | 1 | 0 |
_aTepoztlán _bguía oficial. |
| 260 |
_aMéxico _bINAH _c[1958] |
||
| 300 |
_a33 p. _bil. _c20 cm. |
||
| 651 | 4 |
_aTepoztlán (México) _99545 |
|
| 651 | 4 |
_aMéxico _xAntigüedades _92765 |
|
| 942 |
_2lcc _cB |
||
| 999 |
_c3409 _d3409 |
||